02289nam a22002657a 450000500170000000800410001702000180005804000090007604100080008508200200009310000320011324500690014526000430021430000270025736500670028452014950035165000210184665000170186765000220188465000320190665000230193870000240196170000180198570000200200320250728095128.0220224b ||||| |||| 00| 0 eng d a9789351306870 cAloy aeng 223a591.6bRATA aAshok K Rathoure...[et. al] aApplied and Economic Zoologyb: A Textbook of Zoological Science aNew DelhibDaya Publishing Housec2021 aviii,310pbHBc24x16cm 2ZoologoyaMLSH21CRB335b1836.00c₹d2295.00e20%f20-02-2022 aRecently Applied and Economic Zoology has been included in national syllabus by UGC for undergraduates. The book examines insect pests, animal pests, natural enemies, beneficial insects, beneficial animals, agricultural chemicals and more. The current book is blueprint for undergraduate students to aware about our natural wild life and its economic importance. The book contains four chapters with illustrations and boxed materials. In the chapter 1, we have covered parasitology, in which we have deliberately discussed about parasites of domestic animals and human, structures, life cycles, pathogenicity, diseases, symptoms and it control. In chapter 2, we consciously talk about vectors and pests. Here, we covered life cycle and control of pest and vectors such as Gundhi bug, Sugarcane leafhopper, Rodents, Termites and Mosquitoes. Chapter 3 is about animal breeding and animal cultures. In this, we stared with basic introduction about breeding and culture, difference between them and then detailed discussion about Animals and Human Society, Animal Breeding, Genetic engineering applications in Animal Breeding, Breeding and Variation, Aquaculture, Pisciculture, Poultry farming, Sericulture, Apiculture, Lac-culture. The last chapter has wild life of India. In this chapter we provided detail for Wild Life Protection and Acts, Documentation of Wild Life, Rare, Endangered and Endemic species, Protected Area Network, Conservation of Wild Life, In-situ and Ex-situ conservation. aEconomic Zoology aParasitology aVectors and Pests aAnimal Breeding and Culture aWild Life of India aDeshmukh, Nazneen Z aKumar, Dinesh aGoswami, Rachna